[Event "2nd American Continental"]
[Site "Buenos Aires ARG"]
[Date "2003.08.26"]
[Round "8"]
[White "Monier, Raul"]
[Black "Bitelmajer, Martin"]
[Result "1-0"]
[WhiteElo "2405"]
[BlackElo "2230"]
[EventDate "2003.08.17"]
[PlyCount "114"]

1.Nf3 Nf6 2.d4 g6 3.c4 c5 4.d5 e6 5.Nc3 exd5 6.cxd5 d6 7.Nd2 Na6 8.Nc4 Nc7
9.a4 b6 10.e4 Ba6 11.Bf4 Bxc4 12.Bxc4 Nh5 13.Be3 a6 14.O-O Bg7 15.Be2 Nf6 
16.f4 O-O 17.Bf3 Nd7 18.e5 Ra7 19.exd6 Ne8 20.Ne4 Ndf6 21.Nxf6+ Bxf6 22.a5
Nxd6 23.Rc1 Bxb2 24.axb6 Re7 25.Bxc5 Bxc1 26.Qxc1 Rd7 27.Qa3 Re8 28.Qxa6 
Qc8 29.Qxc8 Rxc8 30.Bf2 f5 31.Re1 Kf7 32.g3 Ne4 33.Bxe4 fxe4 34.Rb1 Rb8 
35.Rb5 Rbd8 36.Rb4 Rb7 37.Rxe4 Rxd5 38.Rb4 Ke7 39.Kg2 Rd3 40.Rb5 Kd7 41.h4
Kc8 42.h5 gxh5 43.Rxh5 Rg7 44.Re5 Kb7 45.f5 Rd6 46.Kf3 h5 47.Re8 Rf6 48.
Kf4 Rgf7 49.Re5 Rg7 50.Re6 Rxe6 51.fxe6 Kc8 52.Kf5 Kd8 53.Kf6 Rh7 54.Bc5 
h4 55.gxh4 Rxh4 56.e7+ Kd7 57.e8=Q+ Kxe8 1-0

[Event "2nd American Continental"]
[Site "Buenos Aires ARG"]
[Date "2003.08.26"]
[Round "8"]
[White "Morgado, Juan Sebastian"]
[Black "Vera Insfran, Jorge"]
[Result "1/2-1/2"]
[WhiteElo "2275"]
[BlackElo "2189"]
[EventDate "2003.08.17"]
[PlyCount "76"]

1.e4 c5 2.Nc3 Nc6 3.g3 g6 4.Bg2 Bg7 5.d3 d6 6.f4 e6 7.Nf3 Nge7 8.O-O Rb8 
9.Be3 Nd4 10.Bf2 b5 11.Nxd4 cxd4 12.Ne2 e5 13.c3 dxc3 14.bxc3 a6 15.a3 O-O
16.d4 Nc6 17.h3 Na5 18.g4 Nc4 19.Qd3 Bb7 20.Ra2 Qe7 21.f5 Rfe8 22.d5 gxf5 
23.gxf5 Bf6 24.a4 Ra8 25.Rfa1 Kh8 26.Ng3 Rg8 27.axb5 axb5 28.Rxa8 Rxa8 29.
Rxa8+ Bxa8 30.Nh5 Bh4 31.f6 Bxf2+ 32.Kxf2 Qa7+ 33.Kf3 Bb7 34.Ng3 Bc8 35.
Nf1 Qa5 36.Kg3 Qd8 37.Qf3 Qg8+ 38.Kh2 Qg5 1/2-1/2

[Event "2nd American Continental"]
[Site "Buenos Aires ARG"]
[Date "2003.08.26"]
[Round "8"]
[White "Needleman, Gaston"]
[Black "Ripari, Marcelo"]
[Result "1-0"]
[WhiteElo "2155"]
[BlackElo "2319"]
[EventDate "2003.08.17"]
[PlyCount "91"]

1.e4 c5 2.Nf3 Nc6 3.d4 cxd4 4.Nxd4 Nf6 5.Nc3 g6 6.Bc4 Bg7 7.Nf3 O-O 8.O-O 
d6 9.h3 a6 10.Re1 b5 11.Bb3 Bb7 12.Nd5 Nd7 13.c3 e6 14.Bg5 f6 15.Nf4 fxg5 
16.Nxe6 Qe7 17.Nfxg5 Kh8 18.Nxf8 Bxf8 19.Nf7+ Kg7 20.Nxd6 Qxd6 21.Qxd6 
Bxd6 22.Rad1 Be7 23.Rxd7 Ra7 24.Bd5 Bc8 25.Rxa7 Nxa7 26.b4 g5 27.Re3 Bd7 
28.Rd3 Nc6 29.Bxc6 Bxc6 30.f3 Kf6 31.Kf2 Ke6 32.Rd1 Bd6 33.h4 h6 34.hxg5 
hxg5 35.Ke3 Be5 36.Kd3 Be8 37.Rh1 Bf7 38.Rh6+ Bf6 39.g3 Ke7 40.f4 Bxa2 41.
e5 Bg7 42.Rxa6 Bc4+ 43.Kd4 gxf4 44.gxf4 Bf1 45.Ra7+ Kf8 46.f5 1-0

[Event "2nd American Continental"]
[Site "Buenos Aires ARG"]
[Date "2003.08.26"]
[Round "8"]
[White "Orsini, Antonio"]
[Black "Giampa, Alejandro"]
[Result "1-0"]
[WhiteElo "2181"]
[BlackElo "2271"]
[EventDate "2003.08.17"]
[PlyCount "55"]

1.e4 e6 2.d4 d5 3.Nc3 Nf6 4.e5 Nfd7 5.f4 c5 6.Nce2 cxd4 7.Nxd4 Nc6 8.Ngf3 
Nc5 9.c3 Be7 10.Be2 O-O 11.O-O Bd7 12.Be3 a6 13.Qb1 Qc7 14.Bd1 f5 15.exf6 
gxf6 16.Bc2 Rf7 17.b4 Nxd4 18.Bxd4 Na4 19.Ng5 Nxc3 20.Bxh7+ Kf8 21.Bxc3 
Qxc3 22.Nxf7 Be8 23.Nh6 Kg7 24.Ng4 Bh5 25.Nf2 f5 26.Bxf5 Bf7 27.Ng4 Bxb4 
28.Ne5 1-0

[Event "2nd American Continental"]
[Site "Buenos Aires ARG"]
[Date "2003.08.26"]
[Round "8"]
[White "Pedro, Fernando"]
[Black "Labollita, Martin"]
[Result "0-1"]
[WhiteElo "2273"]
[BlackElo "2454"]
[EventDate "2003.08.17"]
[PlyCount "114"]

1.e4 c5 2.Nf3 Nc6 3.Bb5 g6 4.O-O Bg7 5.c3 e5 6.Na3 Nge7 7.d3 a6 8.Nc4 d6 
9.Bxc6+ Nxc6 10.a4 O-O 11.Be3 f5 12.Qb3 Kh8 13.Qb6 Qe7 14.Bg5 Bf6 15.Bxf6+
Rxf6 16.Ne3 Be6 17.Nd5 Bxd5 18.exd5 Nd8 19.b4 Rc8 20.b5 Ra8 21.Rfe1 Qf8 
22.d4 e4 23.Ng5 Qe7 24.h4 Kg7 25.g3 axb5 26.axb5 Rxa1 27.Rxa1 e3 28.Re1 f4
29.Re2 fxg3 30.fxg3 h6 31.Nh3 Nf7 32.Nf4 Qe4 33.Qc7 Qf3 34.Ne6+ Kh7 35.Nf4
Qxg3+ 36.Ng2 cxd4 37.cxd4 Rf2 38.Rxf2 Qxf2+ 39.Kh1 e2 40.Qe7 Qf3 41.Qe6 
Kg7 42.Kg1 Qd3 43.Kf2 Qxd4+ 44.Kxe2 Qc4+ 45.Kf2 Qd4+ 46.Kg3 Qe5+ 47.Nf4 g5
48.Qxe5+ dxe5 49.Ne6+ Kf6 50.hxg5+ hxg5 51.Nc5 Nd6 52.Kg4 e4 53.Ne6 Ke5 
54.Nxg5 Nxb5 55.Nf7+ Kxd5 56.Kf4 Nd6 57.Ng5 b5 0-1

[Event "2nd American Continental"]
[Site "Buenos Aires ARG"]
[Date "2003.08.26"]
[Round "8"]
[White "Perdomo, Leandro"]
[Black "Lugo, Blas"]
[Result "0-1"]
[WhiteElo "2304"]
[BlackElo "2416"]
[EventDate "2003.08.17"]
[PlyCount "126"]

1.d4 d5 2.c4 c6 3.cxd5 cxd5 4.Nc3 Nf6 5.Bf4 Nc6 6.e3 Ne4 7.Bd3 Nxc3 8.bxc3
g6 9.Nf3 Bg7 10.O-O O-O 11.c4 dxc4 12.Bxc4 b6 13.Qe2 Bb7 14.Rac1 Qd7 15.
Rc2 Rac8 16.Rfc1 Nb4 17.Bb5 Rxc2 18.Rxc2 Qf5 19.Rc1 Rc8 20.Rxc8+ Qxc8 21.
Qc4 Qxc4 22.Bxc4 Bd5 23.Bxd5 Nxd5 24.Bb8 a6 25.Nd2 Nc3 26.a3 Bf8 27.Bc7 
Nd5 28.Bd8 b5 29.Nb1 e6 30.Kf1 f5 31.Ke2 Kf7 32.Kd3 Ke8 33.Ba5 Kd7 34.Bd2 
Bd6 35.g3 Kc6 36.Bc1 a5 37.Nd2 a4 38.e4 fxe4+ 39.Nxe4 Be7 40.Ng5 Bxg5 41.
Bxg5 b4 42.axb4 Kb5 43.Ke4 a3 44.Bc1 a2 45.Bb2 Nxb4 46.d5 exd5+ 47.Kd4 Ka4
48.Kc3 d4+ 49.Kxd4 Kb3 50.Bc3 Kc2 51.Kc4 Nd3 52.Ba1 Nxf2 53.Kb4 Ng4 54.h3 
Nf2 55.h4 h5 56.Kc4 Ne4 57.Kd4 Nxg3 58.Ke5 Nf5 59.Kf6 Nxh4 60.Kg5 Ng2 61.
Bd4 Ne1 62.Kxg6 h4 63.Kf5 h3 0-1

[Event "2nd American Continental"]
[Site "Buenos Aires ARG"]
[Date "2003.08.26"]
[Round "8"]
[White "Scarella, Enrique Alejandro"]
[Black "Roselli Mailhe, Bernardo"]
[Result "1-0"]
[WhiteElo "2374"]
[BlackElo "2440"]
[EventDate "2003.08.17"]
[PlyCount "91"]

1.Nf3 d6 2.d4 g6 3.c4 Bg7 4.Nc3 Nd7 5.g3 e5 6.Bg2 Ne7 7.e4 O-O 8.O-O h6 9.
Re1 f5 10.dxe5 dxe5 11.Nd5 f4 12.gxf4 c6 13.fxe5 Nxe5 14.Nxe5 Bxe5 15.Bxh6
cxd5 16.exd5 Rf5 17.Rxe5 Rxe5 18.Qd4 Nf5 19.Qxe5 Nxh6 20.Re1 Kf8 21.c5 Nf7
22.Qe3 Bf5 23.d6 Rb8 24.Bd5 Qg5+ 25.Qxg5 Nxg5 26.Re7 Re8 27.Rxe8+ Kxe8 28.
Bxb7 Kd7 29.f3 a5 30.a3 a4 31.Bd5 Be6 32.Bb7 Bf5 33.Bd5 Bc2 34.Kf2 Ne6 35.
Bxe6+ Kxe6 36.Ke3 Kd7 37.Kd4 Kc6 38.Kc4 Bb3+ 39.Kd4 Ba2 40.Ke5 Bb1 41.f4 
Kd7 42.h4 Kc6 43.f5 Bxf5 44.h5 Bd3 45.h6 g5 46.Ke6 1-0

[Event "2nd American Continental"]
[Site "Buenos Aires ARG"]
[Date "2003.08.26"]
[Round "8"]
[White "Shabalov, Alexander"]
[Black "Sagalchik, Gennady"]
[Result "1/2-1/2"]
[WhiteElo "2575"]
[BlackElo "2491"]
[EventDate "2003.08.17"]
[PlyCount "56"]

1.d4 d5 2.c4 e5 3.dxe5 d4 4.Nf3 Nc6 5.g3 Be6 6.Nbd2 Bb4 7.Bg2 Bxc4 8.O-O 
Bxd2 9.Qxd2 Nge7 10.Rd1 O-O 11.Nxd4 Nxd4 12.Qxd4 Bxe2 13.Qxd8 Raxd8 14.
Rxd8 Rxd8 15.Bg5 Kf8 16.Bxb7 Rb8 17.Be4 Rxb2 18.Be3 a6 19.Rc1 c6 20.a3 Ke8
21.Bc5 Ra2 22.Kg2 g6 23.h3 Kd7 24.Bd6 Bb5 25.Rc3 Nf5 26.Bb4 Nd4 27.Bc5 Rd2
28.g4 Ne6 1/2-1/2

[Event "2nd American Continental"]
[Site "Buenos Aires ARG"]
[Date "2003.08.26"]
[Round "8"]
[White "Slipak, Sergio David"]
[Black "Alzate, Dario"]
[Result "1-0"]
[WhiteElo "2497"]
[BlackElo "2426"]
[EventDate "2003.08.17"]
[PlyCount "61"]

1.d4 d5 2.c4 c6 3.Nf3 Nf6 4.Nc3 a6 5.a4 Bf5 6.Qb3 Ra7 7.Bg5 e6 8.Bxf6 gxf6
9.e3 a5 10.cxd5 exd5 11.Be2 Bb4 12.O-O Bg6 13.Rad1 Rg8 14.Rfe1 Qd7 15.g3 
Kf8 16.Nh4 Qh3 17.Nxg6+ hxg6 18.Bf1 Qf5 19.e4 dxe4 20.Rxe4 g5 21.Rde1 Qd7 
22.Bc4 Kg7 23.Qd1 Na6 24.Qf3 Nc7 25.h4 b5 26.Ba2 Rh8 27.hxg5 fxg5 28.Re7 
Bxe7 29.Qxf7+ Kh6 30.Rxe7 Qd6 31.Qg7+ 1-0

[Event "2nd American Continental"]
[Site "Buenos Aires ARG"]
[Date "2003.08.26"]
[Round "8"]
[White "Sosa Harrison, Jorge"]
[Black "Bentancor, Franco German"]
[Result "0-1"]
[WhiteElo "2294"]
[BlackElo "2177"]
[EventDate "2003.08.17"]
[PlyCount "142"]

1.Nf3 Nf6 2.b3 g6 3.Bb2 Bg7 4.g3 d6 5.d4 c5 6.Bg2 cxd4 7.Nxd4 d5 8.Nf3 O-O
9.O-O Nc6 10.Nbd2 a5 11.Ne5 Qc7 12.Nxc6 bxc6 13.c4 e5 14.cxd5 cxd5 15.Rc1 
Qb8 16.Rc5 Be6 17.Qa1 Nd7 18.Rxd5 Bxd5 19.Bxd5 Ra7 20.Nc4 Qb5 21.e4 a4 22.
bxa4 Rxa4 23.Rc1 Bh6 24.Rc2 Nf6 25.Nd6 Qd3 26.Rc3 Qe2 27.Bc4 Rxc4 28.Rxc4 
Ng4 29.Qf1 Qxb2 30.h3 Qd2 31.Rc6 Nxf2 32.Nc4 Qd7 33.Rd6 Nxh3+ 34.Kh2 Qg4 
35.Nxe5 Qxe4 36.Nd7 Qe7 37.Nf6+ Kh8 38.Rd7 Qe6 39.Qxh3 Qxf6 40.Qxh6 Qf2+ 
41.Kh3 Qf1+ 42.Kh2 Qe2+ 43.Kh3 Ra8 44.Rd2 Qe6+ 45.Kh2 Kg8 46.Rb2 Rxa2 47.
Qd2 Ra6 48.Qd8+ Kg7 49.Rf2 Rd6 50.Qc7 Rd5 51.Qc3+ Qe5 52.Qc4 Qd4 53.Qxd4+ 
Rxd4 54.Kg2 h5 55.Kh3 g5 56.Rf5 Kg6 57.Ra5 Rd2 58.Ra6+ f6 59.g4 Rd3+ 60.
Kg2 hxg4 61.Ra5 f5 62.Ra8 Kf6 63.Rf8+ Ke5 64.Re8+ Kf4 65.Rc8 Rd2+ 66.Kf1 
Kg3 67.Rc3+ Kh4 68.Ke1 Ra2 69.Kf1 g3 70.Kg1 Kh3 71.Rc1 f4 0-1

[Event "2nd American Continental"]
[Site "Buenos Aires ARG"]
[Date "2003.08.26"]
[Round "8"]
[White "Szmetan, Jorge"]
[Black "Nogueiras Santiago, Jesus"]
[Result "0-1"]
[WhiteElo "2408"]
[BlackElo "2521"]
[EventDate "2003.08.17"]
[PlyCount "58"]

1.Nf3 Nf6 2.c4 e6 3.g3 d5 4.b3 Be7 5.Bg2 O-O 6.O-O b6 7.Bb2 Bb7 8.e3 Nbd7 
9.Qe2 a5 10.d4 a4 11.Nbd2 Ra7 12.Ne5 Bb4 13.Rfc1 a3 14.Bc3 Bxc3 15.Rxc3 
Nxe5 16.dxe5 Nd7 17.f4 Nc5 18.Nf3 dxc4 19.bxc4 Bxf3 20.Bxf3 Qe7 21.Rd1 Na4
22.Rb3 g6 23.Rd4 Nb2 24.Qd2 c5 25.Re4 Rd8 26.Qc2 Qd7 27.Rxb6 Qd2 28.Qb3 
Nd3 29.Qd1 Nf2 0-1

[Event "2nd American Continental"]
[Site "Buenos Aires ARG"]
[Date "2003.08.26"]
[Round "8"]
[White "Tobares, Leandro"]
[Black "Plazaola, Maria De los Angeles"]
[Result "1-0"]
[WhiteElo "2283"]
[BlackElo "2047"]
[EventDate "2003.08.17"]
[PlyCount "55"]

1.d4 Nf6 2.c4 c5 3.d5 b5 4.cxb5 a6 5.b6 e5 6.Nc3 Qxb6 7.Nf3 d6 8.e4 g6 9.
Nd2 Bg7 10.a4 Nbd7 11.a5 Qc7 12.Be2 O-O 13.Nc4 Bb7 14.Bg5 Rac8 15.g4 Nb8 
16.Qd2 Nfd7 17.Ra3 f6 18.Bh6 Rf7 19.Rb3 Re8 20.Rxb7 Qxb7 21.Nxd6 Qb4 22.
Nxe8 Bf8 23.Nc7 Qxa5 24.Ne6 Bd6 25.O-O Qb4 26.Ra1 a5 27.Nd8 Rf8 28.Nc6 1-0

[Event "2nd American Continental"]
[Site "Buenos Aires ARG"]
[Date "2003.08.26"]
[Round "8"]
[White "Varela, Daniel"]
[Black "Di Diego, Osvaldo"]
[Result "1-0"]
[WhiteElo "2164"]
[BlackElo "2061"]
[EventDate "2003.08.17"]
[PlyCount "71"]

1.d4 f5 2.g3 Nf6 3.Bg2 e6 4.Nf3 d5 5.O-O Bd6 6.b3 O-O 7.c4 c6 8.Ba3 Bxa3 
9.Nxa3 Bd7 10.Nc2 Be8 11.Nce1 Nbd7 12.cxd5 cxd5 13.Nd3 Bh5 14.b4 b6 15.Rc1
Rc8 16.Qa4 Rc7 17.Rxc7 Qxc7 18.Rc1 Qb8 19.Qc6 Bf7 20.Nfe5 Rd8 21.f3 g6 22.
b5 Nxe5 23.Nxe5 Ne8 24.Qc2 Qb7 25.Nc6 Rd7 26.e3 Nd6 27.Bf1 Kg7 28.Bd3 Nc8 
29.Ne5 Rd8 30.Qc7 Qxc7 31.Rxc7 Rf8 32.Nc6 Kf6 33.a4 h5 34.a5 Kg7 35.f4 Kg8
36.Ne7+ 1-0

[Event "2nd American Continental"]
[Site "Buenos Aires ARG"]
[Date "2003.08.26"]
[Round "8"]
[White "Vasquez Schroder, Rodrigo"]
[Black "Milos, Gilberto"]
[Result "1/2-1/2"]
[WhiteElo "2514"]
[BlackElo "2592"]
[EventDate "2003.08.17"]
[PlyCount "39"]

1.Nf3 Nf6 2.c4 e6 3.d4 b6 4.g3 Ba6 5.b3 Bb7 6.Bg2 Bb4+ 7.Bd2 a5 8.O-O O-O 
9.Nc3 d6 10.Qc2 Nbd7 11.Rfe1 Bxc3 12.Bxc3 Be4 13.Qb2 c6 14.Bf1 b5 15.Nh4 
b4 16.Bd2 c5 17.a3 Qb6 18.axb4 axb4 19.f3 Bb7 20.Be3 1/2-1/2

[Event "2nd American Continental"]
[Site "Buenos Aires ARG"]
[Date "2003.08.26"]
[Round "8"]
[White "Whatley, Andrew"]
[Black "Cerda Albornoz, Guillermo"]
[Result "1/2-1/2"]
[WhiteElo "2323"]
[BlackElo "2224"]
[EventDate "2003.08.17"]
[PlyCount "108"]

1.d4 Nf6 2.Nf3 e6 3.e3 c5 4.Bd3 b6 5.O-O Ba6 6.c4 Be7 7.d5 exd5 8.cxd5 
Bxd3 9.Qxd3 d6 10.Nc3 O-O 11.e4 Nbd7 12.h3 a6 13.a4 Re8 14.Rb1 Ne5 15.Nxe5
dxe5 16.g4 Bd6 17.Bg5 Be7 18.Bxf6 Bxf6 19.d6 Qd7 20.Rfd1 Red8 21.b4 Bh4 
22.bxc5 bxc5 23.Rb6 Rab8 24.Qxa6 h5 25.f3 Rxb6 26.Qxb6 Qe6 27.Qxc5 Rc8 28.
Qa3 Qc4 29.d7 Rb8 30.a5 Kh7 31.a6 Rb3 32.Qf8 Qxc3 33.Qxf7 Qe3+ 34.Kh1 
Qxf3+ 35.Qxf3 Rxf3 36.d8=Q Bxd8 37.Rxd8 Rxh3+ 38.Kg2 Ra3 39.gxh5 Rxa6 40.
Re8 Ra3 41.Rxe5 Kh6 42.Kf2 Rh3 43.Re8 Rxh5 44.Kf3 Kg6 45.Re6+ Kf7 46.Ra6 
Rh4 47.Rb6 Ke7 48.Ke3 Rh1 49.Kf4 Rh4+ 50.Ke3 Rh1 51.Kd4 Ra1 52.Rb7+ Kf6 
53.e5+ Ke6 54.Rb6+ Ke7 1/2-1/2

[Event "2nd American Continental"]
[Site "Buenos Aires ARG"]
[Date "2003.08.26"]
[Round "8"]
[White "Zapata, Alonso"]
[Black "De Dovitiis, Alejo"]
[Result "1-0"]
[WhiteElo "2543"]
[BlackElo "2401"]
[EventDate "2003.08.17"]
[PlyCount "127"]

1.e4 e6 2.d4 d5 3.Nd2 c5 4.Ngf3 Nc6 5.exd5 exd5 6.Bb5 Bd6 7.dxc5 Bxc5 8.
Nb3 Bd6 9.O-O Ne7 10.Nbd4 O-O 11.c3 Bg4 12.Qa4 Bh5 13.Re1 Qc7 14.h3 Bg6 
15.Bg5 h6 16.Be3 a6 17.Bf1 Na5 18.Qd1 Nc4 19.Bc1 Rad8 20.Bd3 Bxd3 21.Qxd3 
Rfe8 22.Re2 Ng6 23.Be3 Bf4 24.Bxf4 Nxf4 25.Rxe8+ Rxe8 26.Qc2 Re4 27.Rd1 
Qb6 28.b3 Qg6 29.g3 Ne3 30.fxe3 Qxg3+ 31.Kh1 Rxe3 32.Rg1 Qxh3+ 33.Nh2 Rxc3
34.Qf2 Nh5 35.Nf5 Kh7 36.Re1 Rc6 37.Ne7 Ng3+ 38.Kg1 Rf6 39.Qg2 Qh4 40.Qxd5
Nf5 41.Qe4 Qxe4 42.Rxe4 Nd6 43.Re2 Re6 44.Rd2 Ne4 45.Rd7 Nc5 46.Rc7 b6 47.
Nd5 Re2 48.Nxb6 Rxa2 49.Rxc5 Rb2 50.Rc3 g5 51.Nc4 Ra2 52.Ne5 Kg7 53.Rc7 
Kf6 54.Nhg4+ Kf5 55.Rxf7+ Ke4 56.Nc4 h5 57.Nf6+ Kd4 58.Nxh5 g4 59.Nf4 Kc3 
60.Rb7 g3 61.Nd5+ Kd4 62.Nb4 Ra1+ 63.Kg2 Kc3 64.Nc6 1-0

[Event "2nd American Continental"]
[Site "Buenos Aires ARG"]
[Date "2003.08.27"]
[Round "9"]
[White "Aguilar, Andres"]
[Black "Whatley, Andrew"]
[Result "0-1"]
[WhiteElo "2204"]
[BlackElo "2323"]
[EventDate "2003.08.17"]
[PlyCount "146"]

1.e4 e6 2.d4 d5 3.Nc3 Bb4 4.e5 c5 5.a3 Ba5 6.b4 cxd4 7.Qg4 Ne7 8.bxa5 dxc3
9.Qxg7 Rg8 10.Qxh7 Nbc6 11.Nf3 Qc7 12.Bb5 Bd7 13.O-O Nxe5 14.Bxd7+ Kxd7 
15.Nxe5+ Qxe5 16.Qd3 Rac8 17.Rb1 Rc7 18.Be3 Nc6 19.Rb3 Kc8 20.a6 b6 21.Rd1
Na5 22.Rb5 Nc4 23.Bd4 Qg5 24.Qf3 Nxa3 25.Rb3 Nxc2 26.Bxc3 Qg4 27.Be5 Rc4 
28.Qxg4 Rgxg4 29.f3 Rg6 30.g4 f6 31.Bb2 d4 32.Kf2 e5 33.h4 Nb4 34.Ra1 Kd7 
35.Ke2 Nd5 36.Kd3 Rc5 37.Rc1 Nf4+ 38.Ke4 Rxc1 39.Bxc1 Ne2 40.Bd2 Ke6 41.
Rb1 Ng3+ 42.Kd3 f5 43.Be1 Nf1 44.Bf2 Nh2 45.Rc1 Rg7 46.gxf5+ Kxf5 47.Rc8 
Rf7 48.Rb8 Nxf3 49.Rb7 e4+ 50.Kc4 Rf8 51.Rxa7 Rc8+ 52.Kb5 e3 53.Rf7+ Kg4 
54.Rg7+ Kf5 55.Rf7+ Kg4 56.Rg7+ Kf4 57.Rf7+ Ke4 58.Bg3 d3 59.Re7+ Kd4 60.
a7 d2 61.Rd7+ Kc3 62.Bb8 Nd4+ 63.Rxd4 Kxd4 64.a8=Q Rc5+ 65.Kxb6 d1=Q 66.
Be5+ Rxe5 67.Qd8+ Rd5 68.Qf6+ Kd3 69.Qg6+ Kd2 70.Qe4 Qb3+ 71.Ka6 Rd3 72.
Qg2+ e2 73.Qg5+ Kc2 0-1

[Event "2nd American Continental"]
[Site "Buenos Aires ARG"]
[Date "2003.08.27"]
[Round "9"]
[White "Altamirano, Benjamin"]
[Black "Fiori, Hector"]
[Result "1/2-1/2"]
[WhiteElo "2333"]
[BlackElo "2037"]
[EventDate "2003.08.17"]
[PlyCount "83"]

1.c4 e5 2.g3 Nf6 3.Bg2 c6 4.d4 exd4 5.Qxd4 d5 6.cxd5 cxd5 7.Nf3 Nc6 8.Qa4 
Be7 9.O-O O-O 10.Nc3 Bf5 11.Be3 Qd7 12.Rad1 Rfd8 13.Nd4 Nxd4 14.Qxd4 Bh3 
15.Rd2 Bxg2 16.Kxg2 b6 17.Qf4 Qe6 18.Rfd1 Rd7 19.Bd4 Rad8 20.Qe5 Bc5 21.
Qg5 h6 22.Qf4 Ne4 23.Nxe4 dxe4 24.Bxc5 Rxd2 25.Rxd2 Rxd2 26.Qxd2 bxc5 27.
a3 Qc6 28.Qd8+ Kh7 29.Qe7 Qd5 30.Qxa7 e3+ 31.f3 Qc4 32.Kf1 Qc1+ 33.Kg2 Qc4
34.Kf1 Qc1+ 35.Kg2 Qc2 36.Qxf7 Qxe2+ 37.Kh3 Qf1+ 38.Kh4 Qd3 39.Qe7 e2 40.
f4 Qf3 41.Qe6 Qf2 42.Qf5+ 1/2-1/2

[Event "2nd American Continental"]
[Site "Buenos Aires ARG"]
[Date "2003.08.27"]
[Round "9"]
[White "Alvarez, Hector"]
[Black "Lanza, Diego"]
[Result "1/2-1/2"]
[WhiteElo "2216"]
[BlackElo "2067"]
[EventDate "2003.08.17"]
[PlyCount "108"]

1.e4 g6 2.g3 Bg7 3.Bg2 e5 4.Ne2 Nc6 5.c3 d6 6.O-O Bg4 7.h3 Bd7 8.d4 Qc8 9.
Kh2 h5 10.Bg5 h4 11.g4 f5 12.gxf5 gxf5 13.f4 Nf6 14.fxe5 dxe5 15.d5 Ne7 
16.d6 cxd6 17.Qxd6 Qc6 18.Qxc6 bxc6 19.exf5 Rb8 20.b3 Rh5 21.Be3 a5 22.Nd2
Nxf5 23.Ba7 Rb7 24.Bg1 Kd8 25.Nc4 e4 26.Rad1 Kc7 27.Ne5 Nd6 28.Nxd7 Nxd7 
29.Nd4 Be5+ 30.Kh1 Nc5 31.Rfe1 Rg5 32.Be3 Rg6 33.c4 Nd3 34.Re2 Bxd4 35.
Bxd4 Nf5 36.Bxe4 Ng3+ 37.Kh2 Nxe2 38.Bxg6 Nxd4 39.Bxd3 a4 40.Be4 axb3 41.
axb3 Nxb3 42.Rg1 Nd2 43.Rg7+ Kb6 44.Rxb7+ Kxb7 45.Bd3 Kb6 46.Kg2 Kc5 47.
Kf2 Nxc4 48.Bc2 Kd4 49.Kf3 c5 50.Kf4 Ne3 51.Bb3 Kc3 52.Bg8 Kd4 53.Bb3 Kc3 
54.Bg8 Kd4 1/2-1/2

[Event "2nd American Continental"]
[Site "Buenos Aires ARG"]
[Date "2003.08.27"]
[Round "9"]
[White "Alzate, Dario"]
[Black "Dobson Aguilar, Luis"]
[Result "1-0"]
[WhiteElo "2426"]
[BlackElo "2330"]
[EventDate "2003.08.17"]
[PlyCount "57"]

1.e4 c5 2.Nf3 Nc6 3.d4 cxd4 4.Nxd4 e5 5.Nb5 d6 6.N1c3 a6 7.Na3 b5 8.Nd5 
Nf6 9.Bg5 Be7 10.Bxf6 Bxf6 11.c3 Ne7 12.Nxf6+ gxf6 13.Nc2 Bb7 14.Bd3 f5 
15.exf5 Bxg2 16.Rg1 Bb7 17.Ne3 d5 18.Qe2 Qd6 19.O-O-O O-O-O 20.Kb1 h5 21.
h4 b4 22.cxb4 Qf6 23.f3 Rd6 24.Rg5 Rb6 25.a3 Kb8 26.Rc1 Nc6 27.Nxd5 Qd8 
28.Nxb6 Qxb6 29.Rxc6 1-0

[Event "2nd American Continental"]
[Site "Buenos Aires ARG"]
[Date "2003.08.27"]
[Round "9"]
[White "Andrade, Roberto Luiz Costa"]
[Black "Arenas, Sergio"]
[Result "1-0"]
[WhiteElo "2309"]
[BlackElo "2155"]
[EventDate "2003.08.17"]
[PlyCount "77"]

1.e4 Nc6 2.Nf3 f5 3.exf5 d5 4.Nh4 e5 5.Qh5+ g6 6.fxg6 Nf6 7.Qg5 Bc5 8.g7 
Rg8 9.d4 Bxd4 10.Bd3 e4 11.Be2 Be6 12.c3 Be5 13.f4 Bd6 14.Bh5+ Nxh5 15.
Qxh5+ Bf7 16.Qxh7 Qf6 17.Nf5 O-O-O 18.Nxd6+ Rxd6 19.O-O d4 20.cxd4 Qxd4+ 
21.Kh1 Rxg7 22.Qh3+ Kb8 23.Nc3 Qc4 24.Be3 Nb4 25.b3 Qc6 26.Rac1 Nd3 27.Rc2
Rh6 28.Bxa7+ Kxa7 29.Nb5+ Qxb5 30.Qxh6 Nb4 31.Rcf2 Rg6 32.Qh8 Nd3 33.Rc2 
Qb6 34.Qf8 Qa6 35.Qxf7 Nb4 36.Rc4 Rf6 37.Qe7 Nd5 38.Qc5+ Nb6 39.Ra4 1-0

[Event "2nd American Continental"]
[Site "Buenos Aires ARG"]
[Date "2003.08.27"]
[Round "9"]
[White "Arambel, Sergio Javier"]
[Black "Needleman, Gaston"]
[Result "1/2-1/2"]
[WhiteElo "2245"]
[BlackElo "2155"]
[EventDate "2003.08.17"]
[PlyCount "108"]

1.c4 e5 2.g3 Nf6 3.Bg2 d5 4.cxd5 Nxd5 5.Nc3 Ne7 6.Nf3 Nbc6 7.b4 a6 8.a3 g6
9.Bb2 Bg7 10.d3 O-O 11.O-O Nd4 12.Nd2 c6 13.e3 Nb5 14.Qc2 Nxc3 15.Bxc3 Nd5
16.Bb2 f6 17.d4 exd4 18.Bxd4 Be6 19.Nc4 f5 20.Rad1 Bxd4 21.Rxd4 Qf6 22.
Bxd5 Bxd5 23.Nb6 Rad8 24.Nxd5 Rxd5 25.Rxd5 cxd5 26.Qc5 Qc6 27.Qxc6 bxc6 
28.Rc1 Rc8 29.Rc5 Kf7 30.Ra5 Ra8 31.a4 Ke7 32.b5 Kd7 33.b6 Kc8 34.Rc5 Kb7 
35.a5 Re8 36.Kf1 Re4 37.Ke2 Rb4 38.Kd3 Rb5 39.Kd4 Rb2 40.Ke5 Rxf2 41.Kd6 
Ra2 42.h4 Ra4 43.Rxc6 Rxa5 44.Rc7+ Kxb6 45.Rxh7 Ra4 46.Rh6 Rg4 47.Kxd5 Kb5
48.h5 Rxg3 49.Rxg6 Rxe3 50.h6 f4 51.Rg5 Rh3 52.Ke4+ Kb4 53.Rg6 f3 54.Rxa6 
f2 1/2-1/2

[Event "2nd American Continental"]
[Site "Buenos Aires ARG"]
[Date "2003.08.27"]
[Round "9"]
[White "Benko, Francisco"]
[Black "Lo Presti, Roberto"]
[Result "1/2-1/2"]
[WhiteElo "2142"]
[BlackElo "2042"]
[EventDate "2003.08.17"]
[PlyCount "43"]

1.Nf3 Nf6 2.c4 e6 3.b3 d5 4.e3 b6 5.Bb2 Be7 6.d4 O-O 7.Bd3 Bb7 8.O-O Na6 
9.Nbd2 Rc8 10.Qe2 Nb4 11.Bb1 c5 12.a3 Nc6 13.Bd3 cxd4 14.exd4 Qd6 15.Rac1 
dxc4 16.bxc4 Rfd8 17.Rfe1 Bf8 18.Bb1 Qf4 19.Qe3 Bd6 20.Red1 Na5 21.Ba2 Qg4
22.h3 1/2-1/2

[Event "2nd American Continental"]
[Site "Buenos Aires ARG"]
[Date "2003.08.27"]
[Round "9"]
[White "Bentancor, Franco German"]
[Black "Szmetan, Jorge"]
[Result "1/2-1/2"]
[WhiteElo "2177"]
[BlackElo "2408"]
[EventDate "2003.08.17"]
[PlyCount "80"]

1.e4 c5 2.b3 Nf6 3.e5 Nd5 4.Bb2 Nc6 5.Nc3 Nxc3 6.Bxc3 e6 7.Bd3 Qc7 8.f4 b6
9.Nf3 Bb7 10.Ng5 Be7 11.Qh5 g6 12.Qh6 Bxg5 13.Qxg5 Qd8 14.Qg4 h5 15.Qe2 
Ne7 16.O-O Nf5 17.Be4 Qc7 18.a3 Bxe4 19.Qxe4 Qc6 20.d3 Rc8 21.Rf2 h4 22.
Be1 Rh5 23.Rd2 d5 24.exd6 Nxd6 25.Qxc6+ Rxc6 26.g4 hxg3 27.hxg3 f5 28.c4 
Rh7 29.Re2 Nb7 30.Bc3 Rd6 31.Rd1 Rhd7 32.Re3 Na5 33.Be5 Rc6 34.Rb1 Rc8 35.
Bc3 Kf7 36.Kf2 Rcd8 37.Rh1 Rxd3 38.Rh7+ Kf8 39.Rh8+ Kf7 40.Rh7+ Kf8 
1/2-1/2

[Event "2nd American Continental"]
[Site "Buenos Aires ARG"]
[Date "2003.08.27"]
[Round "9"]
[White "Burijovich, Liliana"]
[Black "Pedro, Fernando"]
[Result "0-1"]
[WhiteElo "2195"]
[BlackElo "2273"]
[EventDate "2003.08.17"]
[PlyCount "88"]

1.e4 e6 2.d4 d5 3.Nd2 Nf6 4.e5 Nfd7 5.Bd3 c5 6.c3 Nc6 7.Ne2 a5 8.O-O cxd4 
9.cxd4 a4 10.f4 g6 11.Kh1 Nb6 12.Nf3 Nb4 13.Bb1 Bd7 14.a3 Nc6 15.Nc3 Na5 
16.Bc2 Nac4 17.g4 Qc7 18.f5 Be7 19.Rb1 O-O-O 20.f6 Bf8 21.Nxa4 Kb8 22.Nxb6
Qxb6 23.b4 Rc8 24.Ba4 Bb5 25.Re1 Rc7 26.Bb3 g5 27.Nxg5 h5 28.gxh5 Bh6 29.
h4 Nxa3 30.Bxa3 Rc3 31.Qg4 Bd3 32.Rb2 Bf5 33.Qd1 Bxg5 34.hxg5 Rd3 35.Rd2 
Qxd4 36.Rxd3 Bxd3 37.b5 Qh4+ 38.Kg1 Qg3+ 39.Kh1 Qh3+ 40.Kg1 Rxh5 41.Bd6+ 
Kc8 42.Qc1+ Bc4 43.Bxc4 Qg3+ 44.Kf1 Qf3+ 0-1

[Event "2nd American Continental"]
[Site "Buenos Aires ARG"]
[Date "2003.08.27"]
[Round "9"]
[White "Caceres Vasquez, Sergio"]
[Black "Ustariz, Carlos"]
[Result "1-0"]
[WhiteElo "2201"]
[BlackElo "2130"]
[EventDate "2003.08.17"]
[PlyCount "95"]

1.d4 d5 2.c4 e6 3.Nc3 c5 4.cxd5 exd5 5.Nf3 Nf6 6.Bg5 cxd4 7.Nxd4 Be7 8.g3 
O-O 9.Bg2 Nc6 10.O-O Be6 11.Rc1 Rc8 12.Na4 Nxd4 13.Qxd4 b6 14.Rfd1 Rc4 15.
Rxc4 dxc4 16.e4 Qc8 17.Nc3 Rd8 18.Nd5 Kf8 19.Qd2 Qc5 20.Qc1 b5 21.Be3 Qc8 
22.Nxe7 Kxe7 23.Bxa7 Rxd1+ 24.Qxd1 Qd7 25.Qxd7+ Nxd7 26.f4 c3 27.bxc3 Bxa2
28.Kf2 Bc4 29.Ke3 h5 30.Bf3 g6 31.Be2 Bxe2 32.Kxe2 Kd6 33.Ke3 Nf8 34.h3 
Ne6 35.g4 hxg4 36.hxg4 Kc6 37.Bd4 Kd6 38.f5 gxf5 39.exf5 Nc7 40.Ke4 Ne8 
41.Be5+ Kc6 42.g5 Kd7 43.Kd5 Ke7 44.f6+ Kd7 45.g6 fxg6 46.f7 Ke7 47.
fxe8=Q+ Kxe8 48.Kc5 1-0